Reise nach Jerusalem - Statistiken

Allgemein
  • Dieses Quiz wurde 71 mal gespielt
    70 seit der letzten Aktualisierung
  • Das Durchschnittsergebnis liegt bei 7 aus 8
Antwortstatistiken
# Hauptstadt % Korrekt
Start Berlin
100%
Warschau/Wien
94%
Kiew/Budapest
86%
Ziel Jerusalem
85%
Ankara
80%
Moskau/Bukarest/Belgrad
80%
Tiflis/Sofia
77%
Damaskus
66%
Keine übereinstimmenden Quizze gefunden
Verteilung der Resultate
Anzahl Personen mit jedem Resultat
Perzentil nach korrekt beantworteten Fragen
Ihre Resultats-Entwicklung
Sie haben dieses Quiz seit der letzten Aktualisierung nicht gespielt